00477nam a2200145Ia 4500008004100000041000800041082001500049100002200064245003700086250001500123260003900138300003100177999001700208952010600225240624s9999 xx 000 0 und d aeng a658.15 GIT aGITMAN LAWRENCE J aPRINCIPLES OF MANAGERIAL FINANCE a(11th ed.) c2009aNew DelhibPearson Education axxx, : 685 : p. : cm. ; 25 c15296d15296 02104070aIMTNbIMTNcRack 23-Ad2010-06-03o658.15 GITp15296r2024-06-24 00:00:00w2024-06-24yBK